000 00662nam a2200289Ia 4500
005 20260324125826.0
008 008 260324s9999 xx 000 0 eng d
020 _a9780429120947
037 _aEBOOK
040 _aCRL
040 _beng
040 _cCRL
041 _2eng
041 _aeng
084 _qCRL
100 _aJay Liebowitz
_91143835
245 0 _aKnowledge Retention
245 0 _bStrategies and Solutions
260 _bTaylor and Francis
260 _c2008
365 _a
365 _b180
856 _uhttp://www.taylorfrancis.com/books/9780429120947
942 _cEBOOK
999 _c1775061
_d1775061